00362nam a2200157Ia 4500008004100000020002200041041000800063082001400071100001700085245002300102250000900125260002300134300000900157542001500166650002300181220531s9999 xx 000 0 und d a978-93-5451-195-0 aeng bPYT / BHA aBharambe, M. aPython Programming a1 st aPunebNiralic2021 a4.84 d23-10-2021 aPython Programming